000 00739nam a2200241Ia 4500
003 OSt
005 20220923224116.0
006 a|||||r|||| 00| 0
007 ta
008 220922b |||||||| |||| 00| 0 hin d
024 _a225,714
037 _cTextual
040 _aARTS
_cARTS
_bhin
041 _2hin
_ahin
082 _aO152,1N071w1, P4
100 _aबच्चन, हरिवंशराय
245 0 _aबसेरे से दूर
246 _aBasere se dūra
260 _aदिल्ली
_b राजपाल एण्ड संस
_c2004
300 _a205पृ.
_ccm.
942 _hO152,1N071w1, P4
_cTEXL
_2CC
999 _c369296
_d369296